000 01249cam a2200325 i 4500
001 18870928
005 20230205080635.0
008 151124s2016 nyu b 001 0 eng
010 _a 2015046509
020 _a9780415725279 (hardback : alk. paper)
040 _aDLC
_beng
_cDLC
_erda
_dDLC
042 _apcc
050 0 0 _aNA2543.S47
_bG35 2016
082 0 0 _a720.47 G35 2016
_223
100 1 _aGaines, Kristi,
_eauthor.
245 1 0 _aDesigning for autism spectrum disorders /
_cKristi Gaines, Angela Bourne, Michelle Pearson and Mesha Kleibrink.
264 1 _aNew York :
_bRoutledge, Taylor & Francis Group,
_c2016.
300 _axi, 220 pages ;
_c29 cm
336 _atext
_2rdacontent
337 _aunmediated
_2rdamedia
338 _avolume
_2rdacarrier
504 _aIncludes bibliographical references (pages 205-214) and index.
650 0 _aSenses and sensation in architecture.
650 0 _aArchitecture
_xPsychological aspects.
650 0 _aDesign
_xHuman factors.
650 0 _aAutism spectrum disorders.
906 _a7
_bcbc
_corignew
_d1
_eecip
_f20
_gy-gencatlg
942 _2ddc
_cBK-EN
_n0
999 _c5890
_d5890